[Event "Santo Domingo op U2100"]
[Site "Santo Domingo"]
[Date "2015.02.08"]
[Round "4"]
[White "Cedeno de la Rosa, Adolfo"]
[Black "Rivera, Nelson"]
[Result "0-1"]
[WhiteElo "2029"]
[BlackElo "2049"]
[PlyCount "41"]
[EventDate "2015.02.06"]
[EventType "swiss"]
[EventRounds "8"]
[EventCountry "DOM"]
[SourceTitle "CBM 164 Extra"]
[Source "ChessBase"]
[SourceDate "2015.03.02"]
[SourceVersion "1"]
[SourceVersionDate "2015.03.02"]
[SourceQuality "1"]

1. d4 Nf6 2. c4 g6 3. Nc3 d5 4. cxd5 Nxd5 5. e4 Nxc3 6. bxc3 Bg7 7. f4 c5 8. Nf3 Nc6 9. Bb5 cxd4 10. Bxc6+ bxc6 11. cxd4 Ba6 12. Be3 Qa5+ 13. Kf2 0-0 14. Ne5 Bxe5 15. dxe5 Rfd8 16. Qg4 Qb4 17. Kf3 Qb2 18. Rhe1 c5 19. h4 Rab8 20. Rab1 Qc3 21. Rb3 0-1